[Event "Zuerich op 37th"]
[Site "Zuerich"]
[Date "2013.12.29"]
[Round "5"]
[White "Nuri, Karo"]
[Black "Haas, Adrian"]
[Result "1-0"]
[WhiteElo "2014"]
[BlackElo "1895"]
[PlyCount "133"]
[EventDate "2013.12.26"]
[EventType "swiss"]
[EventRounds "7"]
[EventCountry "SUI"]
[SourceTitle "CBM 158 Extra"]
[Source "ChessBase"]
[SourceDate "2014.02.28"]
[SourceVersion "1"]
[SourceVersionDate "2014.02.28"]
[SourceQuality "1"]

1. Nf3 d5 2. c4 c6 3. g3 Nf6 4. Qc2 Bg4 5. Bg2 Nbd7 6. d4 e6 7. 0-0 Be7 8. b3 0-0 9. Nc3 Bf5 10. Qd1 Ne4 11. Bb2 Qa5 12. Rc1 Ba3 13. Bxa3 Qxa3 14. Nh4 Nxc3 15. Rxc3 Bg6 16. Nxg6 hxg6 17. Qd2 a5 18. e4 dxe4 19. Bxe4 Nf6 20. Bf3 Qd6 21. Rd3 Rfd8 22. Rd1 Ra7 23. Qe3 Raa8 24. Qe5 a4 25. g4 axb3 26. axb3 Kf8 27. g5 Nh5 28. Bxh5 gxh5 29. Qe4 g6 30. Rf3 Ra5 31. Qxg6 Qe7 32. h4 Rf5 33. Rxf5 exf5 34. Qh6+ Kg8 35. Qxh5 Qe4 36. g6 fxg6 37. Qxg6+ Kf8 38. Qf6+ Ke8 39. Qg5 Kd7 40. Qg7+ Kc8 41. Ra1 Kb8 42. Qe5+ Qxe5 43. dxe5 Rh8 44. Kg2 Rxh4 45. Re1 Kc7 46. e6 Kd8 47. Kg3 Rd4 48. Re5 f4+ 49. Kg4 Ke7 50. Kf5 Rd2 51. f3 Rd3 52. Kxf4 Rxb3 53. Kg4 Rb4 54. f4 Rxc4 55. Kg5 Rc1 56. Re3 b5 57. f5 Rg1+ 58. Kf4 Rf1+ 59. Ke5 c5 60. Rh3 Re1+ 61. Kd5 Rf1 62. Rh7+ Ke8 63. Kxc5 Rxf5+ 64. Kd6 b4 65. Rh8+ Rf8 66. Rxf8+ Kxf8 67. Kd7 1-0

[Event "Zuerich op-A 31th"]
[Site "Zuerich"]
[Date "2007.12.29"]
[Round "5"]
[White "Nuri, Karo"]
[Black "Bodmer, Marcel"]
[Result "1-0"]
[WhiteElo "2040"]
[BlackElo "1998"]
[PlyCount "37"]
[EventDate "2007.12.26"]
[EventType "swiss"]
[EventRounds "7"]
[EventCountry "SUI"]
[SourceTitle "CBM 122 Extra"]
[Source "ChessBase"]
[SourceDate "2008.03.04"]
[SourceVersion "1"]
[SourceVersionDate "2008.03.04"]
[SourceQuality "1"]

1. Nf3 c5 2. c4 Nc6 3. Nc3 g6 4. g3 Bg7 5. Bg2 e6 6. e3 Nge7 7. 0-0 0-0 8. d4 cxd4 9. Nxd4 d5 10. cxd5 Nxd4 11. exd4 Nxd5 12. Qb3 Bxd4 13. Nxd5 exd5 14. Bxd5 Qf6 15. Bh6 Re8 16. Rad1 Bb6 17. Qf3 Qf5 18. Qc3 Re5 19. Rde1 1-0

[Event "Zuerich op-A 27th"]
[Site "Zuerich"]
[Date "2003.??.??"]
[Round "4"]
[White "Nuri, Karo"]
[Black "Stankovic, Zeljko"]
[Result "0-1"]
[WhiteElo "1973"]
[BlackElo "2136"]
[PlyCount "122"]
[EventDate "2003.12.26"]
[EventType "swiss"]
[EventRounds "7"]
[EventCountry "SUI"]
[SourceTitle "CBM 097 Extra"]
[Source "ChessBase"]
[SourceDate "2004.01.13"]
[SourceVersion "1"]
[SourceVersionDate "2004.01.13"]
[SourceQuality "1"]

1. Nf3 Nf6 2. c4 g6 3. Nc3 Bg7 4. g3 0-0 5. Bg2 d6 6. d3 e5 7. 0-0 Nc6 8. Rb1 a5 9. a3 Be6 10. b4 axb4 11. axb4 Qc8 12. Re1 Bh3 13. Bh1 h6 14. b5 Ne7 15. Qb3 Kh7 16. Ba3 Qd7 17. Qb4 Rfe8 18. Nd2 d5 19. Nb3 c6 20. Nc5 Qc7 21. b6 Qc8 22. Bb2 Bf8 23. Ra1 Rxa1 24. Rxa1 Nf5 25. Ra7 Nd7 26. N3a4 Nd4 27. Bxd4 exd4 28. Bf3 g5 29. Bg2 Bxg2 30. Kxg2 Nxc5 31. Nxc5 Rxe2 32. Kf1 Bxc5 33. Qxc5 Rc2 34. Kg2 dxc4 35. Qxd4 c3 36. Qf6 Kg8 37. Qxh6 Qd8 38. Ra5 Rxf2+ 39. Kg1 f6 40. Kxf2 Qxb6+ 41. Kg2 Qxa5 42. Qg6+ Kf8 43. Qxf6+ Ke8 44. Qe6+ Kd8 45. Qd6+ Kc8 46. Qf8+ Kc7 47. Qe7+ Kb8 48. Qd6+ Ka8 49. Qf8+ Ka7 50. Qf2+ Ka6 51. Qc2 Qa3 52. Kf3 b5 53. Ke2 Qb2 54. Kd1 g4 55. Qxb2 cxb2 56. Kc2 Ka5 57. Kxb2 Kb4 58. Kc2 Ka3 59. d4 b4 60. Kc1 b3 61. Kb1 b2 0-1

[Event "Zuerich op-B 25th"]
[Site "Zuerich"]
[Date "2001.??.??"]
[Round "5"]
[White "Nuri, Karo"]
[Black "Zuesli, Kurt"]
[Result "1-0"]
[WhiteElo "1713"]
[BlackElo "1948"]
[PlyCount "121"]
[EventDate "2001.12.26"]
[EventType "swiss"]
[EventRounds "7"]
[EventCountry "SUI"]
[SourceTitle "EXT 2019"]
[Source "ChessBase"]
[SourceDate "2018.10.10"]
[SourceVersion "1"]
[SourceVersionDate "2018.10.10"]
[SourceQuality "1"]

1. d4 Nf6 2. c4 c5 3. d5 b5 4. Qc2 bxc4 5. e4 d6 6. Bxc4 e5 7. Ne2 Nbd7 8. a3 Be7 9. Nd2 0-0 10. 0-0 Re8 11. Bb5 Rb8 12. Ba4 Ba6 13. Re1 Qa5 14. b3 Rec8 15. Bb2 Bxe2 16. Rxe2 Qa6 17. Ree1 c4 18. Nxc4 Rxc4 19. bxc4 Rxb2 20. Qxb2 Qxa4 21. Rac1 Bd8 22. Qb4 Nc5 23. Qxa4 Nxa4 24. f3 Bb6+ 25. Kf1 Nd7 26. g3 f6 27. Kg2 Bd4 28. Red1 Ndb6 29. Rxd4 exd4 30. Rd1 Nxc4 31. Rxd4 Ncb6 32. Kf2 Nc5 33. Ke2 Kf7 34. Kd1 Ke7 35. Kc2 g6 36. Kc3 a5 37. Rd1 Kd8 38. Rb1 Kc7 39. Rb5 a4 40. Kb4 Nb7 41. f4 Nc5 42. Ra5 Kb7 43. e5 fxe5 44. fxe5 Nd3+ 45. Kc3 Nxe5 46. Rb5 h5 47. Rb2 Kc7 48. Kd4 Nbc4 49. Rc2 Kb6 50. Rxc4 Nxc4 51. Kxc4 Ka5 52. h4 Ka6 53. Kb4 Kb6 54. Kxa4 Kc5 55. Kb3 Kxd5 56. Kc3 Ke4 57. a4 d5 58. Kd2 Kf3 59. a5 Kxg3 60. a6 Kxh4 61. a7 1-0